skbl

Dr Suryya Kumar Bhuyan Library Web-OPAC
ডঃ সূৰ্য্য
কুমাৰ ভূঞা পুথিভঁৰাল ৱেব-অ'পেক

All Research Scholars are advised to clear the annual library fees to continue using Library Resources, Remote Access, Plagiarism Test and Library Clearance.

Cotton University Book Fair 2026

Macroeconomics / (Record no. 3448)

MARC details
000 -LEADER
fixed length control field 00596nam a2200217Ia 4500
001 - CONTROL NUMBER
control field 3460
008 - FIXED-LENGTH DATA ELEMENTS--GENERAL INFORMATION
fixed length control field 170908s 197 ii a g b000 u 465 u
082 ## - DEWEY DECIMAL CLASSIFICATION NUMBER
Classification number 339
100 ## - MAIN ENTRY--PERSONAL NAME
Personal name Dornbusch, Rudiger .
245 #0 - TITLE STATEMENT
Title Macroeconomics /
Statement of responsibility, etc. Rudiger Dornbusch & Stanley Fischer.
Medium Textual Documents
250 ## - EDITION STATEMENT
Edition statement 6th ed. /
260 ## - PUBLICATION, DISTRIBUTION, ETC.
Place of publication, distribution, etc. New York :
Name of publisher, distributor, etc. McGraw - Hill book company ,
Date of publication, distribution, etc. C 1978.
300 ## - PHYSICAL DESCRIPTION
Extent 722p. :
Other physical details ill ;
Dimensions 23cm .
504 ## - BIBLIOGRAPHY, ETC. NOTE
Bibliography, etc. note Index
653 ## - INDEX TERM--UNCONTROLLED
Uncontrolled term Economics
653 ## - INDEX TERM--UNCONTROLLED
Uncontrolled term Macroeconomics
653 ## - INDEX TERM--UNCONTROLLED
Uncontrolled term G-Economics
653 ## - INDEX TERM--UNCONTROLLED
Uncontrolled term MS-Economics
700 ## - ADDED ENTRY--PERSONAL NAME
Personal name Fischer, Stanley .
942 ## - ADDED ENTRY ELEMENTS (KOHA)
Source of classification or shelving scheme Dewey Decimal Classification
Koha item type Books
Holdings
Withdrawn status Lost status Damaged status Not for loan Home library Current library Date acquired Coded location qualifier Total checkouts Full call number Barcode Date last seen Copy number Price effective from Koha item type
        Dr. Suryya Kumar Bhuyan Library Dr. Suryya Kumar Bhuyan Library 01/02/2012 00000   339 D 735 M G/787 13/01/2024 2 01/02/2012 Books
        Dr. Suryya Kumar Bhuyan Library Dr. Suryya Kumar Bhuyan Library 01/02/2012 00000   339 D 735 M 069/Eco 13/01/2024 1 01/02/2012 Books
        Dr. Suryya Kumar Bhuyan Library Dr. Suryya Kumar Bhuyan Library 01/02/2012 00000   339 D 735 M 235/Eco 13/01/2024 3 01/02/2012 Books
        Dr. Suryya Kumar Bhuyan Library Dr. Suryya Kumar Bhuyan Library 01/02/2012 00000   339 D 735 M 89269 13/01/2024 4 01/02/2012 Books

Designed and Maintained by Team SKBL
©1901-2026

Powered by Koha